| 000 | 00425nam a22001817a 4500 | ||
|---|---|---|---|
| 003 | CEME | ||
| 005 | 20210628203016.0 | ||
| 008 | 210216b xxu||||| |||| 00| 0 eng d | ||
| 020 | _a81-7648-082-7 | ||
| 040 | _c. | ||
| 082 | _a651.3 NAR | ||
| 100 |
_aNarayan, B _960781 |
||
| 245 | _aOffice management | ||
| 260 |
_aNEW DELHI _bA.P.H _c1999 |
||
| 300 | _aV,281P | ||
| 650 |
_aMANAGEMENT-OFFICE _962840 |
||
| 942 |
_cBK _2ddc |
||
| 999 |
_c571813 _d571813 |
||